Vines That Butter My Eggroll - Statistics

General Stats
  • This quiz has been taken 963 times
    960 since last reset
  • The average score is 9 of 15
Answer Stats
Hint Answer % Correct
is that a chicken
90%
it's _____ my dudes Wednesday
89%
Stop I could've dropped my _____ croissant
87%
Hi my name's ____ I have a basketball game tomorrow Trey
81%
I smell like ____ beef
79%
This is why mom doesn't love you
72%
look at all these chickens
67%
Wait a minute Mr. ______ Postman
65%
That was legitness
61%
throw the fork in the garbage disposal
54%
Do it for the vine I ain't gonna do it
40%
why are you running
38%
_____ do you want the ball? Duke
29%
Aye you know his boy got his free ___ ____ Taco Bell
28%
Mother trucker dude that hurt like a buttcheck on a stick watch your profanity
22%
No matching quizzes found
Score Distribution
Percent of People with Each Score
Percentile by Number Answered
Your Score History
You have not taken this quiz since the last reset